Текст томруулах:    
American trade politics (Бичлэгийн дугаар. 146846)
000 -УДИРДЛАГА
Удирдлага 00689nam a22002537a 4500
003 - ХЯНАЛТЫН ТОО ТОДОРХОЙЛОГЧ
Код MN-UlNUM
005 - БИЧИЛТ ХИЙСЭН ОГНОО
Тухайн бичилтийг бичсэн засварласан сүүлийн огноо 20260401190333.0
008 - ЕРӨНХИЙ МЭДЭЭЛЭЛ
Ерөнхий мэдээлэл 260401s1992 dcua b 001 0 eng
020 ## - ISBN
ISBN 0881321648
-- 0881321885
040 ## - БИЧЛЭГ ҮҮСГЭГЧ БАЙГУУЛЛАГА
Бичлэг үүсгэгч номын сангийн код МУИС-ийн номын сан
084 ## - ББК АНГИЛАЛ
Нэмэлт тусгалт Нэг сэдэвт бүтээл
ББК ангилал 65.42
Зохиогчийн гурван тэмдэгт D 46
Мэдлэгийн ялгаа 65 - Эдийн засаг
100 ## - ЗОХИОГЧ
Зохиогчийн нэр Destler, I. M
245 ## - ҮНДСЭН ГАРЧИГ
Номын нэр American trade politics
250 ## - ДАХИН ХЭВЛЭЛТ
Дахин гаралтын дугаар 2nd edition
260 ## - ГАРАЛТЫН МЭДЭЭ
Хэвлэгдсэн газар Washington, DC
Хэвлэлийн газар Twentieth Century Fund
Хэвлэгдсэн он 1992
300 ## - МАТЕРИАЛЫН ТОДОРХОЙЛОЛТ
хуудасны тоо xiii, 453 p. :
Бусад тоон мэдээлэл ill. ;
Хэмжээ 23 cm
500 ## - Тайлбар
Дансны дугаар БС 4458
546 ## - ХЭЛНИЙ ТУХАЙ МЭДЭЭ
Хэл Англи хэл дээр,
653 ## - Түлхүүр үг
Түлхүүр үг United States
653 ## - Түлхүүр үг
Түлхүүр үг commercial policy
942 ## - ЭЛЕМЕНТИЙН ТӨРӨЛ
Зүйлийн төрөл Ном